| 000 | 01076nas a2200337 4500 | ||
|---|---|---|---|
| 001 | BR2014002694 | ||
| 003 | BR-BrBNA | ||
| 005 | 20231205123953.0 | ||
| 007 | ta | ||
| 008 | 230509b bl.|||p| |||| 00| 00por d | ||
| 040 |
_aBR-BrBNA _bpor _cBiblioteca Nacional de Agricultura |
||
| 041 | _a(Pt) | ||
| 072 | _aF62; K10 | ||
| 100 | 1 | _aLira, J.M.S. | |
| 100 | 1 | _aFerreira, R.A. | |
| 100 | 1 | _aSilva Junior, C.D. da | |
| 100 | 1 | _aSantos Neto, E.M. dos | |
| 100 | 1 | _aSantana, W. da S. | |
| 245 | 1 | _aAnálise de crescimento e trocas gasosas de planta de Lonchocarpus sericeus )Poir.)D.C. sob alagamento para uso na recuperação de matas de ciliares | |
| 650 | _aÁRVORE FLORESTAL | ||
| 650 | _aMATA CILIAR | ||
| 650 | _aCRESCIMENTO | ||
| 650 | _aVIVEIRO FLORESTAL | ||
| 650 | _aMORFOLOGIA VEGETAL | ||
| 650 | _aINUNDAÇÃO | ||
| 650 | _aREFLORESTAMENTO | ||
| 650 | _aSERGIPE | ||
| 773 | 0 |
_tCiência Florestal (Brazil) _xISSN 0103-9954 _g(Oct-Dec 2013), v. 23(4) p. 655-665 _wBR2014002694 |
|
| 909 |
_a202311 _bLúcia _c55 _dLúcia Elande |
||
| 942 |
_2AGRIS _n0 _cANA |
||
| 999 |
_c236677 _d236677 |
||